| 000 | 00522cas a22001815a 4500 | ||
|---|---|---|---|
| 001 | L138765 | ||
| 008 | 070710c2001 xxkzr p 0 a0eng u | ||
| 035 | _a(Sirsi) u138765 | ||
| 041 | 0 | _aeng | |
| 110 | 2 |
_aRoyal Institution of Chartered Surveyors _bSouth West Region _95260 |
|
| 245 | 0 | 0 | _aSurveyor South West |
| 260 |
_aS.l. _bRICS _c2001- |
||
| 362 | 0 | _a[1] Autumn 2001- | |
| 554 | _aUnknown | ||
| 651 | 4 |
_aSouth West (England) _y1994- |
|
| 690 | _aMANAGEMENT-BUSINESS MANAGEMENT-PROFESSIONAL PRACTICE | ||
| 942 | _n0 | ||
| 999 |
_c119028 _d119028 |
||